| Tag |
First Indicator |
Second Indicator |
Subfields |
| LEADER |
00000cam a2200000Ii 4500 |
| 001 |
in00002042021 |
| 005 |
20151101061519.0 |
| 008 |
930918s1925 xr 000 0 rusr |
| 010 |
|
|
|a 75569984
|
| 035 |
|
|
|a (OCoLC)ocm28843718
|
| 040 |
|
|
|a DLC
|c KKU
|d KKU
|d OCL
|d OCLCQ
|d TXA
|d UtOrBLW
|
| 043 |
|
|
|a e-ur---
|
| 049 |
|
|
|a TXAM
|
| 050 |
0 |
0 |
|a HD156
|b .K67
|
| 100 |
1 |
|
|a Kosinskīĭ, V. A.
|
| 240 |
1 |
0 |
|a Osnovnye tendent︠s︡ii v mobilizat︠s︡ii zemelʹnoĭ sobstvennosti i ikh sot︠s︡ialʹno-ėkonomicheskie faktory
|
| 245 |
1 |
0 |
|a Osnovnyi︠a︡ tendent︠s︡īi v mobilizat︠s︡īi zemelʹnoĭ sobstvennosti i ikh sot︠s︡ialʹno-ėkonomicheskīe faktory :
|b mobilizat︠s︡īi︠a︡ zemelʹnoĭ sobstvennosti /
|c V.A. Kosinskīĭ.
|
| 264 |
|
1 |
|a Praga :
|b [publisher not identified],
|c 1925.
|
| 300 |
|
|
|a xxiii, 67, 327 pages ;
|c 26 cm.
|
| 336 |
|
|
|a text
|b txt
|2 rdacontent
|
| 337 |
|
|
|a unmediated
|b n
|2 rdamedia
|
| 338 |
|
|
|a volume
|b nc
|2 rdacarrier
|
| 536 |
|
|
|a From the Estate of George and Mathilda Sabo by Dr. Joseph R. Corcoran & Irene Sabo Corcoran and Family. September 1998.
|
| 650 |
|
0 |
|a Land tenure.
|
| 650 |
|
0 |
|a Land tenure
|z Russia.
|
| 650 |
|
0 |
|a Agriculture
|x Economic aspects.
|
| 948 |
|
|
|a cataloged
|b h
|c 2005/4/25
|d c
|e tchubaryan
|f 5:40:05 pm
|
| 994 |
|
|
|a C0
|b TXA
|
| 999 |
|
|
|a MARS
|
| 999 |
f |
f |
|s 17761166-9fc6-3a19-8352-a6947d7a744f
|i 94091bdf-21df-32a0-9963-7b4b39a89946
|t 0
|
| 952 |
f |
f |
|p ric
|a Texas A&M University
|b Rellis Campus
|c Joint Library Facility
|d Remote Storage
|t 0
|e HD156 .K67 1925
|h Library of Congress classification
|i unmediated -- volume
|m A14832602445
|
| 998 |
f |
f |
|a HD156 .K67 1925
|t 0
|l Remote Storage
|